<?xml version="1.0" encoding="UTF-8"?>
<collection xmlns="http://www.loc.gov/MARC21/slim">
 <record>
  <leader>     na                 </leader>
  <controlfield tag="001">INLIS000000000000001</controlfield>
  <controlfield tag="005">20220220104510</controlfield>
  <datafield tag="035" ind1=" " ind2=" ">
   <subfield code="a">0010-0222000001</subfield>
  </datafield>
  <controlfield tag="007">ta</controlfield>
  <controlfield tag="008">220220                b          0 ind  </controlfield>
  <datafield tag="020" ind1=" " ind2=" ">
   <subfield code="a">978-602-282-906-5</subfield>
  </datafield>
  <datafield tag="082" ind1=" " ind2=" ">
   <subfield code="a">300</subfield>
  </datafield>
  <datafield tag="084" ind1=" " ind2=" ">
   <subfield code="a">300 KEM c</subfield>
  </datafield>
  <datafield tag="100" ind1="0" ind2=" ">
   <subfield code="a">KEMENTERIAN PENDIDIKAN DAN KEBUDAYAAN</subfield>
  </datafield>
  <datafield tag="245" ind1="1" ind2=" ">
   <subfield code="a">CITA-CITAKU :</subfield>
   <subfield code="b">BUKU TEMATIK TERPADU KURIKULUM /</subfield>
   <subfield code="c">KEMENTERIAN PENDIDIKAN DAN KEBUDAYAAN</subfield>
  </datafield>
  <datafield tag="250" ind1=" " ind2=" ">
   <subfield code="a">Revisi Cetakan ke-4</subfield>
  </datafield>
  <datafield tag="260" ind1=" " ind2=" ">
   <subfield code="a">JAKARTA :</subfield>
   <subfield code="b">KEMENTERIAN PENDIDIKAN DAN KEBUDAYAAN,</subfield>
   <subfield code="c">2017</subfield>
  </datafield>
  <datafield tag="300" ind1=" " ind2=" ">
   <subfield code="a">vi, 186 hlm. :</subfield>
   <subfield code="b">ilus. ; 29,7 cm</subfield>
  </datafield>
  <datafield tag="650" ind1=" " ind2="4">
   <subfield code="a">Tema 6 Kelas IV</subfield>
  </datafield>
  <datafield tag="990" ind1=" " ind2=" ">
   <subfield code="a">065</subfield>
  </datafield>
  <datafield tag="990" ind1=" " ind2=" ">
   <subfield code="a">066</subfield>
  </datafield>
 </record>
</collection>
